| 000 | 00782nam a22002057a 4500 | ||
|---|---|---|---|
| 005 | 20240103151211.0 | ||
| 010 | _aENG-118981 ENG-129826 | ||
| 020 |
_c495.00 _a9788193252727 |
||
| 035 | _aEN-102513 EN-113359 | ||
| 037 | _bDBAD/PUB | ||
| 082 | _a954.166 | ||
| 100 |
_aHamingthanzuala, R. _960606 |
||
| 245 |
_aEmergence of social and economic forces: _bfor the creation of pawi- lakher regional council _cBy R. Hamingthanzuala ; dedicated by C. Kamliani 'L' |
||
| 260 |
_aGuwahati _bScientific Book Centre _c2015 |
||
| 270 |
_aHengrabari Housing Road, Dispur _bGuwahati _e781006 |
||
| 300 |
_axxxiii,174p. _c22cm(Hb) |
||
| 500 | _aincludes bibliographical references and index | ||
| 700 |
_aC.Kamliani 'L' _960607 |
||
| 942 |
_2ddc _cEN _h954.166 _mHMI |
||
| 999 |
_c142116 _d142116 |
||